000 01134nam a22002057a 4500
005 20240806170253.0
010 _aHIN-127769
020 _a9789394928367
_c1000.00
035 _aHN-100115
037 _bDBAD
082 _a153.152
_21
100 _aश्रीचंदानी, सुरेश कुमार
_969647
245 _aगुरु करें जानकर / /
_cसुरेश कुमार श्रीचंदानी
250 _aप्रथम
260 _aअजमेर
_bपद्म्कान्ता प्रकाशन
_c2021
270 _a403/16, ठठेरा चौक
_bअजमेर
_e305001
300 _a102पृ.
_c22 सेमी.(अजिल्द)
650 _aहिन्दी
_969648
942 _2ddc
_cHN
_h153.152
_mश्रीचन्दा
999 _c203457
_d203457